Chandogya Upanisad : (Record no. 9910)

MARC details
000 -LEADER
fixed length control field 00852 a2200217 4500
010 ## - LIBRARY OF CONGRESS CONTROL NUMBER
LC control number ENG-89064
020 ## - INTERNATIONAL STANDARD BOOK NUMBER
International Standard Book Number 812460374X
Terms of availability 590.00
035 14 - SYSTEM CONTROL NUMBER
System control number EN-72597
037 1# - SOURCE OF ACQUISITION
Source of stock number/acquisition DBAD / PUB
082 14 - DEWEY DECIMAL CLASSIFICATION NUMBER
Classification number 220.24
090 ## - LOCALLY ASSIGNED LC-TYPE CALL NUMBER (OCLC); LOCAL CALL NUMBER (OCLC)
-- 10139
-- 10139
245 1# - TITLE STATEMENT
Title Chandogya Upanisad :
Statement of responsibility, etc translation with an extensive commentary by Swami Muni Narayana Prasad
Remainder of title with the original text in sanskrit and roman transliteration /
260 ## - PUBLICATION, DISTRIBUTION, ETC. (IMPRINT)
Place of publication, distribution, etc New Delhi
Name of publisher, distributor, etc D.K. Printworld
Date of publication, distribution, etc 2006
270 ## - ADDRESS
Electronic mail address dkprintworld@vsnl.net
300 ## - PHYSICAL DESCRIPTION
Extent ix, 586p.
Dimensions 23 cm ( Hb)
490 ## - SERIES STATEMENT
Series statement Rediscovering Indian literary classics; no. 15
500 ## - GENERAL NOTE
General note Includes bibliographical references and index
650 ## - SUBJECT ADDED ENTRY--TOPICAL TERM
Topical term or geographic name as entry element Upanishads, Chandogyaopanisad
General subdivision Commentaries
942 ## - ADDED ENTRY ELEMENTS (KOHA)
Institution code [OBSOLETE] dpl
Koha item type English Books
Call number prefix 220.24/ NAR
Holdings
Withdrawn status Lost status Source of classification or shelving scheme Damaged status Not for loan Collection code Home library Current library Source of acquisition Cost, normal purchase price Total Checkouts Full call number Barcode Date last seen Copy number Uniform Resource Identifier Cost, replacement price Price effective from Koha item type
    Dewey Decimal Classification   Not For Loan Fiction D.B.Act.Division D.B.Act.Division DBAD/PUB 590.00   220.24 CHA EN-72597 15/09/2008 1 10922 590.00 15/09/2008 English Books

© Delhi Public Library
Hit Counter
free hit counter